000
00250nam a22001097a 4500
008
160510b xxu||||| |||| 00| 0 eng d
020
_a
0805305793
041
_a
eng
080
_a
54
245
_a
Conceptual chemistry:
_c
John Suchocki;
942
_2
udc
_c
BK
999
_c
1988
_d
1988